Fabio Capello's England - Statistics

General Stats
  • This quiz has been taken 16 times
  • The average score is 39 of 63
Answer Stats
Rank Player Position Nationality Matches Goals Assists % Correct
8 David James Goalkeeper 18 0 0
100%
6 Frank Lampard Central Midfield 30 9 3
100%
4 John Terry Centre-Back 30 3 1
100%
9 Rio Ferdinand Centre-Back 17 1 0
100%
7 Steven Gerrard Central Midfield 26 7 8
100%
32 Adam Johnson Right Winger 9 2 0
90%
2 Ashley Cole Left-Back 32 0 3
90%
46 Carlton Cole Centre-Forward 7 0 1
90%
5 Glen Johnson Right-Back 30 1 6
90%
14 Jermain Defoe Centre-Forward 20 12 1
90%
33 Joe Cole Attacking Midfield 9 3 2
90%
11 Joe Hart Goalkeeper 16 0 0
90%
30 Michael Carrick Defensive Midfield 8 0 2
90%
22 Peter Crouch Centre-Forward 18 8 2
90%
15 Emile Heskey Centre-Forward 17 2 4
80%
1 Gareth Barry Defensive Midfield 35 3 3
80%
10 James Milner Central Midfield 23 0 3
80%
18 Shaun Wright-Phillips Right Winger 18 3 1
80%
17 Ashley Young Right-Back 17 4 6
70%
25 David Beckham Central Midfield 16 0 5
70%
58 Michael Owen Centre-Forward 1 0 0
70%
12 Theo Walcott Right Winger 20 3 4
70%
3 Wayne Rooney Centre-Forward 33 14 8
70%
24 Darren Bent Centre-Forward 10 4 1
60%
39 David Bentley Right Midfield 5 0 1
60%
40 Gabriel Agbonlahor Centre-Forward 3 0 1
60%
27 Gary Cahill Centre-Back 7 1 0
60%
35 Jack Wilshere Central Midfield 5 0 1
60%
38 Jamie Carragher Centre-Back 4 0 0
60%
20 Joleon Lescott Centre-Back 10 0 1
60%
53 Jordan Henderson Defensive Midfield 1 0 0
60%
44 Ledley King Centre-Back 2 1 0
60%
13 Matthew Upson Centre-Back 14 2 0
60%
36 Michael Dawson Centre-Back 4 0 0
60%
41 Owen Hargreaves Defensive Midfield 3 0 0
60%
21 Rob Green Goalkeeper 10 0 0
60%
52 Scott Carson Goalkeeper 2 0 0
60%
16 Stewart Downing Left Midfield 16 0 6
60%
26 Aaron Lennon Right Winger 10 0 3
50%
34 Ben Foster Goalkeeper 4 0 0
50%
42 Jermaine Jenas Central Midfield 4 1 1
50%
47 Jonathan Woodgate Centre-Back 2 0 0
50%
62 Kevin Davies Centre-Forward 1 0 0
50%
37 Phil Jones Centre-Back 3 0 0
50%
28 Scott Parker Central Midfield 7 0 0
50%
54 Tom Huddlestone Defensive Midfield 3 0 0
50%
49 Bobby Zamora Centre-Forward 2 0 0
40%
43 Chris Smalling Centre-Back 2 0 0
40%
59 Daniel Sturridge Centre-Forward 1 0 0
40%
55 Danny Welbeck Centre-Forward 3 0 0
40%
48 Kieran Gibbs Left-Back 2 0 0
40%
50 Kyle Walker Right-Back 2 0 0
40%
31 Leighton Baines Left-Back 6 0 1
40%
57 Micah Richards Right-Back 1 0 0
40%
23 Phil Jagielka Centre-Back 10 0 0
40%
60 Stephen Warnock Left-Back 2 0 0
40%
29 Wayne Bridge Left-Back 9 0 1
40%
45 Andy Carroll Centre-Forward 3 1 0
30%
51 Jack Rodwell Centre-Back 2 0 0
30%
63 Jay Bothroyd Centre-Forward 1 0 0
30%
19 Wes Brown Centre-Back 9 1 1
30%
61 Matt Jarvis Left Winger 1 0 0
20%
56 Dean Ashton Centre-Forward 1 0 0
10%
No matching quizzes found
Score Distribution
Percent of People with Each Score
Percentile by Number Answered
Your Score History
You have not taken this quiz